000 004950000a22001690004500
090 _aAR
_b01452
245 1 0 _aPatterns of pollination in the primitive angiosperms
650 1 4 _aReproducción vegetal
_993561
650 1 4 _aColeópteros
_97857
650 1 4 _aRelación planta-animal
_992861
650 1 4 _aAngiospermas
_993544
651 4 _mPapua
_pNueva Guinea
_992749
041 0 _aInglés
100 1 _aThien, Leonard B.
_994777
942 _cARTICULO
773 1 _tBiotropica
_39
_h1
_q1-13
_d1980
_g12
999 _c10536
_d10536